Хотгойдын дүүрэгч вангийн хошууны түүх (Бичлэгийн дугаар. 33477)

MARC дэлгэрэнгүй
000 -Удирдлага
Ном зүйн бүртгэл тоо буюу кодлох утгыг агуулсан 00444 a2200181 4500
008 - ЕРӨНХИЙ МЭДЭЭЛЭЛ-ЭЛЕМЕНТҮҮДИЙН ӨГӨГДЛИЙН УРТ
fixed length control field a130416b mp ||||| |||| 00| 0 mon d
041 ## - ХЭЛНИЙ КОД
Текстийн хэлний код/фонограм буюу салангид гарчиг Монгол
084 ## - БУСАД АНГИЛЛЫН ДУГААР
Ангиллын нэр
084 ## - БУСАД АНГИЛЛЫН ДУГААР
Анги 63.3(5Мон)
084 ## - БУСАД АНГИЛЛЫН ДУГААР
Зохиогчийн 3-н тэмдэгт Л 874
100 1# - ЗОХИОГЧИЙН ХЭСЭГ
Зохиогчийн нэр Лхагва С.
245 1# - ҮНДСЭН ГАРЧИГ
Гарчиг Хотгойдын дүүрэгч вангийн хошууны түүх
260 3# - ГАРАЛТЫН ТУХАЙ МЭДЭЭ
Хэвлэлийн газар УБ
260 30 - ГАРАЛТЫН ТУХАЙ МЭДЭЭ
Хэвлэлийн газар УБ
260 3# - ГАРАЛТЫН ТУХАЙ МЭДЭЭ
Хэвлэгдсэн он 1997
300 ## - ТООНЫ МЭДЭЭ
Хуудасны тоо 266х
546 ## - ХЭЛНИЙ ТУХАЙ МЭДЭЭ
Хэл
Захиалгууд
Буцаан татагдсан төлөв Хасагдсан шалтгаан Гэмтсэн төлөв Данс заагч Захиалах боломжгүй Үндсэн номын сан Одоогийн байршил Салбар танхим Сан хөмрөг 5 Бүртгэсэн огноо Тавиурын заалт Баркод Үнэ Хамгийн сүүлд байсан огноо Нийт уншлаганд гарсан тоо Төрөл
        Албан хэрэгцээнд МУҮндэсний Номын сан МУҮндэсний Номын сан МУҮНС төв | Архив фонд төв байр МУҮНС төв | Архив фонд төв байр 2016-03-25 30673 003110030673 8000.00 2016-03-25   Ном